书目信息 |
| 题名: |
现代舞教学实践
|
|
| 作者: | 考慧竹 著 | |
| 分册: | ||
| 出版信息: | 延吉 延边大学出版社 2021.7 |
|
| 页数: | 132页 | |
| 开本: | 24cm | |
| 丛书名: | ||
| 单 册: | ||
| 中图分类: | J732.6 | |
| 科图分类: | ||
| 主题词: | 现代舞蹈--教学研究 | |
| 电子资源: | ||
| ISBN: | 978-7-5688-5292-0 | |
| 000 | 00737nam0 2200229 45 | |
| 001 | 012001001645 | |
| 005 | 20141010173434.0 | |
| 010 | @a978-7-5688-5292-0@dCNY35.00 | |
| 100 | @a20181220d2018 em y0chiy50 ea | |
| 101 | 0 | @achi |
| 102 | @aCN@b220000 | |
| 105 | @ay z 000yy | |
| 106 | @ar | |
| 200 | 1 | @a现代舞教学实践@Axian dai wu jiao xue shi jian@b专著@f考慧竹著 |
| 210 | @a延吉@c延边大学出版社@d2021.7 | |
| 215 | @a132页@d24cm | |
| 330 | @a本书共五章,内容包括:现代舞概述、现代舞教学训练要求及标准、现代舞技术训练的教学程序、现代舞课堂教学的管理方法等。 | |
| 606 | 0 | @a现代舞蹈@x教学研究 |
| 690 | @aJ732.6@v5 | |
| 701 | 0 | @a考慧竹@Akao hui zhu@4著 |
| 801 | 2 | @aCN@b江苏凤凰@c20211018 |
| 905 | @b1345159-62@dJ732.6@e311@f4 | |
| 现代舞教学实践/考慧竹著.-延吉:延边大学出版社,2021.7 |
| 132页;24cm |
| ISBN 978-7-5688-5292-0:CNY35.00 |
| 本书共五章,内容包括:现代舞概述、现代舞教学训练要求及标准、现代舞技术训练的教学程序、现代舞课堂教学的管理方法等。 |
| ● |
| 相关链接 |
|
|
|
|
正题名:现代舞教学实践
索取号:J732.6/311
 
预约/预借
| 序号 | 登录号 | 条形码 | 馆藏地/架位号 | 状态 | 备注 |
| 1 | 1345159 | 213451593 | 第一样本阅览室/ [索取号:J732.6/311] | 在馆 | |
| 2 | 1345160 | 213451600 | 第一借阅区/ [索取号:J732.6/311] | 在馆 | |
| 3 | 1345161 | 213451619 | 第一借阅区/ [索取号:J732.6/311] | 在馆 | |
| 4 | 1345162 | 213451628 | 第一借阅区/ [索取号:J732.6/311] | 在馆 |